De Doctrina Europea roczniki Instytutu Europeistyki : rok VII/2010

Gespeichert in:
Bibliographische Detailangaben
Format: Buch
Sprache:Polnisch
Englisch
Veröffentlicht: Sosnowiec Oficyna Wydawnicza "Humanitas" 2010
Schlagworte:
Tags: Tag hinzufügen
Keine Tags, Fügen Sie das erste Tag hinzu!

MARC

LEADER 00000nam a2200000 4500
001 0198522
005 20230113123332.5
022 |a 1733-5019 
041 0 |a pol 
041 0 |a eng 
044 |a PL 
245 1 0 |a De Doctrina Europea  |b roczniki Instytutu Europeistyki : rok VII/2010 
264 1 |a Sosnowiec  |b Oficyna Wydawnicza "Humanitas"  |c 2010 
300 |a 189 s. 
610 2 0 |a Európska únia 
610 2 0 |a bezpečnosť európska 
610 2 0 |a stredná Európa 
610 2 0 |a východná Európa 
610 2 0 |a vzťahy medzinárodné